Epigrafía del Panteón de Belén /
Tras una introducción a las características y significación de las muerte y los ritos practicados en torno a ella en la Guadalajara del siglo XIX, la obra reproduce los epitafios de quienen se encuentran enterrados allí; incluye el nombre de la persona, el epitafio y la ubicación de la tumba y, en e...
Gardado en:
| Autor Principal: | |
|---|---|
| Outros autores: | |
| Formato: | Libro |
| Idioma: | Lingua castelá |
| Publicado: |
Guadalajara, México :
Gobierno del Estado de Jalisco, Secretaría General de Gobierno,
1985, c1985
|
| Series: | (Textos Jalisco. Bibliografías y Catálogos ;
10) |
| Temas: | |
| Etiquetas: |
Sen Etiquetas, Sexa o primeiro en etiquetar este rexistro!
|
MARC
| LEADER | 00000nam^a2200000^a^4500 | ||
|---|---|---|---|
| 001 | 000169195 | ||
| 005 | 20250521000000.0 | ||
| 009 | 20260310101225.857 | ||
| 020 | |a 968-832-136-2 | ||
| 037 | |a Acervo ITESO - Biblioteca | ||
| 041 | |a ESP | ||
| 082 | |a 393. 0972352 |b VIL | ||
| 100 | |a Villaseñor y Villaseñor, Ramiro |e (autor) | ||
| 245 | 1 | 0 | |a Epigrafía del Panteón de Belén / |c R. Villaseñor y Villaseñor ; presen. de L. Arévalo Vargas. |
| 264 | 4 | |a Guadalajara, México : |b Gobierno del Estado de Jalisco, Secretaría General de Gobierno, |c 1985, c1985 | |
| 300 | |a 415 p. | ||
| 336 | |a texto |b txt |2 rdacontenido | ||
| 337 | |a sin mediación |b n |2 rdamedio | ||
| 338 | |a volumen |b nc |2 rdasoporte | ||
| 440 | 1 | |a (Textos Jalisco. |p Bibliografías y Catálogos ; |v 10) | |
| 520 | |a Tras una introducción a las características y significación de las muerte y los ritos practicados en torno a ella en la Guadalajara del siglo XIX, la obra reproduce los epitafios de quienen se encuentran enterrados allí; incluye el nombre de la persona, el epitafio y la ubicación de la tumba y, en el caso de personajes destacados, además una breve semblanza. Llamado antiguamente de Santa Paula, el Panteón de Belén es el único que sobrevive de los viejos panteones de la ciudad. | ||
| 649 | |a XX | ||
| 650 | |a Cementerios - |z Guadalajara, Jalisco - |x Tema Principal | ||
| 650 | |a Cementerios - |z Jalisco | ||
| 650 | |a Cementerios - |z México | ||
| 650 | |a Epitafios - |z Guadalajara, Jalisco - |x Tema Principal | ||
| 650 | |a Epitafios - |z Jalisco | ||
| 650 | |a Epitafios - |z México | ||
| 650 | |a Epigramas - |z Guadalajara, Jalisco | ||
| 650 | |a Epigramas - |z Jalisco | ||
| 650 | |a Epigramas - |z México | ||
| 650 | |a Muerte (En Religión, Folklore, etc.) - |z Guadalajara, Jalisco | ||
| 650 | |a Muerte (En Religión, Folklore, etc.) - |z Jalisco | ||
| 650 | |a Muerte (En Religión, Folklore, etc.) - |z México | ||
| 650 | |a Ritos Funerarios - |z Guadalajara, Jalisco | ||
| 650 | |a Ritos Funerarios - |z Jalisco | ||
| 650 | |a Ritos Funerarios - |z México | ||
| 650 | |a Fiestas Religiosas - |z Guadalajara, Jalisco | ||
| 650 | |a Fiestas Religiosas - |z Jalisco | ||
| 650 | |a Fiestas Religiosas - |z México | ||
| 650 | |a Prácticas Culturales - |z Guadalajara, Jalisco | ||
| 650 | |a Prácticas Culturales - |z Jalisco | ||
| 650 | |a Prácticas Culturales - |z México | ||
| 650 | |a Identidad Cultural - |z Guadalajara, Jalisco | ||
| 650 | |a Identidad Cultural - |z Jalisco | ||
| 650 | |a Identidad Cultural - |z México | ||
| 650 | |a Antropología Cultural | ||
| 700 | |a Arévalo Vargas, Lucía |e (presentación) | ||
| 910 | |a Fondo General | ||
| 920 | |a Impresos - Libros | ||
| 930 | |a Reserva Especial | ||
| 905 | |a 103 | ||
| 901 | |a 0500105739 |b IT1 |c REE |u 20250521 | ||
| 902 | |a https://opac.biblio.iteso.mx/vufind/Record/000169195 | ||